Statistics for League of legends professional player anagrams 2!

Click here to take the quiz!

General Stats

  • This quiz has been taken 268 times
  • The average score is 5 of 10

Answer Stats

AnagramPlayer% Correct
Koohs (EUW)Shook
79%
Yotz (SEA) *Toyz
78%
Mophoroa (NA)Aphromoo
67%
Genib (KR)Bengi
61%
Legtip (KR)Piglet
60%
Poker (NA)Krepo
58%
Yamisa (China/LPL) *Misaya
53%
Sailivi (NA)Vasilii
35%
Dangreli (NA) *Reginald
25%
Decayin (EUW)Cyanide
17%

Score Distribution

Percentile by Number Answered

Percent of People with Each Score

Your Score History

You have not taken this quiz